| 000 | 00514nam a2200205Ia 4500 | ||
|---|---|---|---|
| 008 | 131103s9999 xx 000 0 und d | ||
| 020 | _a1033638 | ||
| 040 | _aLoreto College | ||
| 041 | _aEnglish | ||
| 082 |
_aRef/G _bLCBED/7248 |
||
| 100 | _aHerbert, Wally | ||
| 245 |
_aPolar deserts _cWally Herbert |
||
| 260 |
_aLondon _bCollins _c1978 |
||
| 300 |
_a128p. _b pic. _c 25cm. |
||
| 440 | _aInternational Library | ||
| 504 | _aIncludes index | ||
| 650 | _aGeography | ||
| 850 | _aLCBED/Ref/G | ||
| 942 | _cBK | ||
| 999 |
_c31051 _d81530 |
||